LDR 01029naa#a2200205#i#450# 001 RU\\bibl\118728 005 20260515141242.5 011 ## _a1994-4683 100 ## _a20230428b2023####ek#y0rusy0150####ca 102 ## _aRU 200 1# _aИСПОЛЬЗОВАНИЕ ПРАКТИК ЙОГИ В УКРЕПЛЕНИИ МЕНТАЛЬНОГО И ФИЗИЧЕСКОГО ЗДОРОВЬЯ _eЖурнальная статья 210 1# _aМосква _cНациональный государственный Университет физической культуры, спорта и здоровья им. П.Ф. Лесгафта _d2023 215 ## _a3 с. 608 ## _aЖурнальная статья _2local 675 ## _aФилософские и научно-теоретические основы физической культуры и спорта. 796.011 _z 700 #1 _aНиколаева _gИ В 700 #1 _aЖмуров _gС А 700 #1 _aПарамонова _gО Б 700 #1 _aПисцова _gМ В 856 4# _auchzapiski.lesgaft.spb.ru _u